[Event "GER-ch U25-B"]
[Site "Willingen"]
[Date "2018.05.20"]
[Round "2"]
[White "Kovac, Linda"]
[Black "Strack, Patrick"]
[Result "1-0"]
[WhiteElo "1564"]
[BlackElo "1742"]
[PlyCount "75"]
[EventDate "2018.05.19"]
[EventType "swiss"]
[EventRounds "9"]
[EventCountry "GER"]
[SourceTitle "CBM 184 Extra"]
[Source "ChessBase"]
[SourceDate "2018.06.28"]
[SourceVersion "1"]
[SourceVersionDate "2018.06.28"]
[SourceQuality "1"]

1. d4 d5 2. Nf3 Nf6 3. Bf4 e6 4. e3 c5 5. c4 Nc6 6. a3 cxd4 7. exd4 Be7 8. Nc3 a6 9. Rc1 0-0 10. Be2 dxc4 11. Bxc4 b5 12. Ba2 Bb7 13. 0-0 Rc8 14. Re1 b4 15. axb4 Nxb4 16. Ne5 Nxa2 17. Nxa2 Bxg2 18. Rxc8 Qxc8 19. Kxg2 Qb7+ 20. Kg1 Qxb2 21. Re2 Qb7 22. Rc2 Nd5 23. Bg3 Rd8 24. Nc6 Rd7 25. Qc1 Bd6 26. Bxd6 Rxd6 27. Na5 Qe7 28. Nb7 Rd7 29. Rc8+ Qf8 30. Rxf8+ Kxf8 31. Qa3+ Ke8 32. Qxa6 Nf4 33. Qc4 e5 34. Qb5 Ne6 35. Nc5 Nxc5 36. dxc5 Kd8 37. Qb8+ Ke7 38. Qxe5+ 1-0

[Event "Dortmund Sparkassen op-B"]
[Site "Dortmund"]
[Date "2015.07.04"]
[Round "8"]
[White "Gelashvili, Vakhtang"]
[Black "Strack, Patrick"]
[Result "0-1"]
[WhiteElo "1717"]
[BlackElo "1525"]
[PlyCount "68"]
[EventDate "2015.06.27"]
[EventType "swiss"]
[EventRounds "9"]
[EventCountry "GER"]
[SourceTitle "CBM 167 Extra"]
[Source "ChessBase"]
[SourceDate "2015.09.14"]
[SourceVersion "1"]
[SourceVersionDate "2015.09.14"]
[SourceQuality "1"]

1. d4 d5 2. c4 e6 3. Nf3 Nf6 4. Bf4 Be7 5. Nc3 c6 6. cxd5 exd5 7. Rc1 0-0 8. Qc2 Bd6 9. Bg5 Nbd7 10. e3 Re8 11. Be2 Nf8 12. 0-0 Ng6 13. h3 h6 14. Bh4 Nxh4 15. Nxh4 Ne4 16. Nf3 Bf5 17. Qd1 Qd7 18. Ne5 Bxe5 19. dxe5 Rxe5 20. g4 Bh7 21. f4 Re7 22. Bf3 Nxc3 23. Rxc3 Be4 24. Kf2 Bxf3 25. Qxf3 Re4 26. Rg1 Rae8 27. Rd1 Qe7 28. Rcd3 c5 29. f5 d4 30. exd4 Re2+ 31. Kf1 Re1+ 32. Kg2 Qh4 33. Rxe1 Qxe1 34. Qd1 Re2+ 0-1

[Event "Dortmund Sparkassen op-B"]
[Site "Dortmund"]
[Date "2014.07.20"]
[Round "9"]
[White "Strack, Patrick"]
[Black "Lange, Hans Werner"]
[Result "1-0"]
[WhiteElo "1440"]
[BlackElo "1587"]
[PlyCount "109"]
[EventDate "2014.07.12"]
[EventType "swiss"]
[EventRounds "9"]
[EventCountry "GER"]
[SourceTitle "EXT 2022"]
[Source "ChessBase"]
[SourceDate "2021.10.06"]
[SourceVersion "1"]
[SourceVersionDate "2021.10.06"]
[SourceQuality "1"]

1. e4 g6 2. d4 c5 3. Be3 Nc6 4. Nf3 Bg7 5. c3 cxd4 6. Nxd4 Nf6 7. Nd2 Nxd4 8. Bxd4 0-0 9. Bc4 d6 10. h3 Bd7 11. 0-0 Qc8 12. Re1 e5 13. Be3 Bc6 14. Bd3 Qe6 15. Bc4 Qd7 16. Bg5 Rad8 17. Qf3 Qe7 18. Rad1 h6 19. Bxf6 Bxf6 20. Bb3 Kh7 21. Nc4 Rd7 22. Ne3 Bg5 23. Nd5 Bxd5 24. Bxd5 f5 25. Qd3 fxe4 26. Rxe4 Qf6 27. Qe2 h5 28. Bb3 Kh6 29. Rxe5 Bf4 30. Re6 Qg5 31. g3 Rdf7 32. Bc2 Rf6 33. Rxf6 Rxf6 34. Kh2 Bc1 35. h4 Qc5 36. Kg2 Bxb2 37. Bxg6 Kxg6 38. Qxb2 Qc6+ 39. Kg1 Qf3 40. Qc2+ Kg7 41. Qd2 Rg6 42. Qd4+ Rf6 43. Re1 Kf7 44. Qxa7 Qxc3 45. Qxb7+ Kg6 46. Qe4+ Kg7 47. Qe3 Qb2 48. Qg5+ Kf7 49. Qe3 Kg7 50. Qe2 Qb4 51. Qe7+ Rf7 52. Qg5+ Kf8 53. Qh6+ Rg7 54. Qh8+ Kf7 55. Qe8+ 1-0

[Event "Dortmund Sparkassen op-B"]
[Site "Dortmund"]
[Date "2014.07.16"]
[Round "5"]
[White "Strack, Patrick"]
[Black "Krug, Michael"]
[Result "1/2-1/2"]
[WhiteElo "1440"]
[BlackElo "1891"]
[PlyCount "33"]
[EventDate "2014.07.12"]
[EventType "swiss"]
[EventRounds "9"]
[EventCountry "GER"]
[SourceTitle "EXT 2022"]
[Source "ChessBase"]
[SourceDate "2021.10.06"]
[SourceVersion "1"]
[SourceVersionDate "2021.10.06"]
[SourceQuality "1"]

1. e4 c6 2. d4 d5 3. exd5 cxd5 4. c4 Nf6 5. Nc3 Nc6 6. Be3 Be6 7. cxd5 Nxd5 8. Nf3 g6 9. Bb5 Bg7 10. 0-0 0-0 11. h3 Rc8 12. Rc1 Qa5 13. Ba4 Rfd8 14. Bxc6 Rxc6 15. Bd2 Nxc3 16. Bxc3 Qd5 17. Qe2 1/2-1/2

[Event "Dortmund Sparkassen op-B"]
[Site "Dortmund"]
[Date "2013.08.04"]
[Round "9"]
[White "Gegner, Michael"]
[Black "Strack, Patrick"]
[Result "1-0"]
[WhiteElo "1527"]
[BlackElo "1458"]
[PlyCount "89"]
[EventDate "2013.07.27"]
[EventType "swiss"]
[EventRounds "9"]
[EventCountry "GER"]
[SourceTitle "EXT 2022"]
[Source "ChessBase"]
[SourceDate "2021.10.06"]
[SourceVersion "1"]
[SourceVersionDate "2021.10.06"]
[SourceQuality "1"]

1. d4 d5 2. e4 dxe4 3. Nc3 Nf6 4. f3 exf3 5. Nxf3 Bg4 6. h3 Bh5 7. g4 Bg6 8. Ne5 e6 9. Bg2 c6 10. h4 h6 11. Nxg6 fxg6 12. Qd3 Qe7 13. g5 hxg5 14. hxg5 Rxh1+ 15. Bxh1 Nh5 16. Be4 Kd8 17. Bxg6 Nf6 18. gxf6 Qxf6 19. Be3 Qh4+ 20. Kd2 Qh2+ 21. Ne2 Bb4+ 22. c3 Ba5 23. Qe4 Qd6 24. Bg5+ Kc8 25. Rh1 b5 26. Rh8+ Kb7 27. Bf4 Qd7 28. Re8 b4 29. Rxe6 Ka6 30. Re7 Qd8 31. Bxb8 Rxb8 32. Qxc6+ Rb6 33. Qc4+ Rb5 34. Re6+ Bb6 35. Re5 bxc3+ 36. Nxc3 Qd7 37. Qxb5+ Qxb5 38. Nxb5 Ba5+ 39. Kd3 Bb6 40. Kc4 Ba5 41. b4 Bb6 42. Be4 g5 43. Rxg5 Bd8 44. Rg6+ Bb6 45. Nc7# 1-0

[Event "Dortmund Sparkassen op-B"]
[Site "Dortmund"]
[Date "2013.08.02"]
[Round "7"]
[White "Pennekamp, Christoph"]
[Black "Strack, Patrick"]
[Result "0-1"]
[WhiteElo "1149"]
[BlackElo "1458"]
[PlyCount "76"]
[EventDate "2013.07.27"]
[EventType "swiss"]
[EventRounds "9"]
[EventCountry "GER"]
[SourceTitle "EXT 2022"]
[Source "ChessBase"]
[SourceDate "2021.10.06"]
[SourceVersion "1"]
[SourceVersionDate "2021.10.06"]
[SourceQuality "1"]

1. d4 d5 2. Nf3 Nf6 3. e3 Bg4 4. Bd3 e6 5. Nbd2 c5 6. c3 Nc6 7. 0-0 cxd4 8. cxd4 Bd6 9. Qb3 Qc7 10. Re1 0-0 11. Qc2 Nb4 12. Qxc7 Bxc7 13. Bb1 Ba5 14. Ne5 Bh5 15. a3 Nc6 16. Nxc6 bxc6 17. b4 Bb6 18. Nb3 a5 19. Bd2 axb4 20. a4 Rfb8 21. a5 Bc7 22. Rc1 Rc8 23. Rxc6 Bxh2+ 24. Kxh2 Rxc6 25. Nc5 Bg6 26. Bxg6 hxg6 27. Bxb4 Ne8 28. Nd7 Nd6 29. Nb6 Rxb6 30. axb6 Rxa1 31. Bxd6 Rb1 32. Bc5 f6 33. Kg3 Kf7 34. e4 Rb3+ 35. Kf4 g5+ 36. Kg4 dxe4 37. d5 Kg6 38. d6 f5# 0-1

[Event "Dortmund Sparkassen op-B"]
[Site "Dortmund"]
[Date "2012.07.19"]
[Round "6"]
[White "Thiemann, Marc"]
[Black "Strack, Patrick"]
[Result "1/2-1/2"]
[WhiteElo "1342"]
[BlackElo "1481"]
[PlyCount "104"]
[EventDate "2012.07.14"]
[EventType "swiss"]
[EventRounds "9"]
[EventCountry "GER"]
[SourceTitle "EXT 2014"]
[Source "ChessBase"]
[SourceDate "2013.11.20"]
[SourceVersion "1"]
[SourceVersionDate "2013.11.20"]
[SourceQuality "1"]

1. e4 e5 2. f4 d5 3. exd5 exf4 4. Nf3 Nf6 5. d4 Bd6 6. Bc4 0-0 7. 0-0 c6 8. dxc6 Nxc6 9. Nc3 Bg4 10. a3 Re8 11. Qd3 Bc7 12. Ng5 Bh5 13. Bxf4 Bb6 14. Kh1 Qxd4 15. Nd5 Qxd3 16. cxd3 Nxd5 17. Bxd5 h6 18. Ne4 Be2 19. Rfc1 Rad8 20. Nd6 Re7 21. Bxc6 bxc6 22. Rxc6 Bxd3 23. Nc8 Rb7 24. Nxb6 Rxb6 25. Rxb6 axb6 26. Bc7 Re8 27. Bxb6 Re2 28. Bd4 Be4 29. Rg1 h5 30. h4 Rd2 31. Bc3 Rf2 32. Kh2 Rf4 33. Kg3 Rg4+ 34. Kh3 Bf5 35. g3 Rf4+ 36. Kh2 Rf2+ 37. Rg2 Rxg2+ 38. Kxg2 Bc2 39. b4 Ba4 40. Kf3 g6 41. Kf4 Kf8 42. Kg5 Ke7 43. Kf4 Ke6 44. g4 hxg4 45. Kxg4 Ke7 46. Kg5 Ke6 47. h5 gxh5 48. Kxh5 Kd5 49. Kg5 Kc4 50. Be5 Kb3 51. Bd6 Kc4 52. Kf6 Kb5 1/2-1/2

[Event "Dortmund Sparkassen op-B"]
[Site "Dortmund"]
[Date "2012.07.14"]
[Round "1"]
[White "Strack, Patrick"]
[Black "Gelashvili, Vakhtang"]
[Result "1/2-1/2"]
[WhiteElo "1481"]
[BlackElo "1769"]
[PlyCount "151"]
[EventDate "2012.07.14"]
[EventType "swiss"]
[EventRounds "9"]
[EventCountry "GER"]
[SourceTitle "EXT 2014"]
[Source "ChessBase"]
[SourceDate "2013.11.20"]
[SourceVersion "1"]
[SourceVersionDate "2013.11.20"]
[SourceQuality "1"]

1. d4 d5 2. c4 e6 3. Nc3 Nf6 4. Bg5 Nc6 5. e3 Be7 6. Nf3 a6 7. cxd5 Nxd5 8. Bxe7 Ndxe7 9. Be2 0-0 10. 0-0 h6 11. Qd2 Nf5 12. Rac1 Nh4 13. Ne4 Nxf3+ 14. Bxf3 Ne7 15. Qc2 c6 16. Ng3 Nd5 17. Qe4 Qg5 18. Qg4 Qxg4 19. Bxg4 f5 20. Bf3 Nf6 21. Nh5 Bd7 22. Nxf6+ Rxf6 23. Rc3 Raf8 24. Rb3 Bc8 25. Rc1 g5 26. Be2 Kg7 27. Rc5 Kg6 28. Bd3 Kg7 29. Be2 Rd8 30. Rd3 Rf7 31. Re5 Kf6 32. Rc5 Re7 33. Rb3 Rd5 34. Rbc3 Rd8 35. Rb3 g4 36. Rd3 h5 37. Rb3 h4 38. f3 gxf3 39. Bxf3 Rh7 40. Rd3 Rg7 41. Rd2 Rgd7 42. Rf2 Ke7 43. Be2 Kd6 44. Rf4 Rh7 45. Bf3 Kd7 46. h3 Rg7 47. Kh2 Kd6 48. Kg1 Re7 49. Rc3 Bd7 50. Be2 e5 51. dxe5+ Rxe5 52. Rd4+ Kc7 53. Rcd3 Bc8 54. Rd6 Be6 55. a3 Bd5 56. Rg6 f4 57. Rg7+ Kb6 58. Rd4 Rxe3 59. Rb4+ Kc5 60. Bf1 Re1 61. Kf2 Rc1 62. Rgxb7 a5 63. Rxf4 Re8 64. b4+ axb4 65. axb4+ Kd6 66. Bd3 Rh8 67. Be4 Ke5 68. Rg4 Rf8+ 69. Ke2 Bxe4 70. Re7+ Kd5 71. Rexe4 Rff1 72. Rd4+ Ke5 73. Rc4 Rce1+ 74. Kd2 Rd1+ 75. Ke2 Rde1+ 76. Kd2 1/2-1/2